Structural adjustment & employement policy : (Record no. 7746)
[ view plain ]
| 000 -LEADER | |
|---|---|
| fixed length control field | 00677nam a22002172 4500 |
| 001 - CONTROL NUMBER | |
| control field | 0000008835 |
| 005 - DATE AND TIME OF LATEST TRANSACTION | |
| control field | 20151217152042.0 |
| 008 - FIXED-LENGTH DATA ELEMENTS--GENERAL INFORMATION | |
| fixed length control field | 080611s xx 000 0 eng d |
| 020 ## - INTERNATIONAL STANDARD BOOK NUMBER | |
| International Standard Book Number | 9221094456 : |
| Terms of availability | KES 1065 |
| 040 ## - CATALOGING SOURCE | |
| Original cataloging agency | KABU |
| Transcribing agency | KABU |
| 100 1# - MAIN ENTRY--PERSONAL NAME | |
| Personal name | Toye, John. |
| -- | 0000159611 |
| 245 10 - TITLE STATEMENT | |
| Title | Structural adjustment & employement policy : |
| Remainder of title | issues and experience / |
| Statement of responsibility, etc. | John Toye. |
| 260 ## - PUBLICATION, DISTRIBUTION, ETC. (IMPRINT) | |
| Place of publication, distribution, etc. | Geneva : |
| Name of publisher, distributor, etc. | ILO, |
| Date of publication, distribution, etc. | 1995. |
| 300 ## - PHYSICAL DESCRIPTION | |
| Extent | ix, 88 p. |
| 650 #0 - SUBJECT ADDED ENTRY--TOPICAL TERM | |
| Topical term or geographic name as entry element | Manpower policy. |
| -- | 0000159612 |
| 650 #0 - SUBJECT ADDED ENTRY--TOPICAL TERM | |
| Topical term or geographic name as entry element | Manpower policy |
| Geographic subdivision | Chile. |
| -- | 0000159613 |
| 650 #0 - SUBJECT ADDED ENTRY--TOPICAL TERM | |
| Topical term or geographic name as entry element | Manpower policy |
| Geographic subdivision | Indonesia. |
| -- | 0000159614 |
| 908 ## - PUT COMMAND PARAMETER (RLIN) | |
| Put command parameter | 080611 |
| 950 ## - LOCAL HOLDINGS (RLIN) | |
| -- | 1 |
| Withdrawn status | Lost status | Source of classification or shelving scheme | Not for loan | Home library | Current library | Date acquired | Total Checkouts | Full call number | Barcode | Date last seen | Price effective from | Koha item type |
|---|---|---|---|---|---|---|---|---|---|---|---|---|
| Library of Congress Classification | Kabarak, Main Campus | Kabarak, Main Campus | 17/12/2015 | HD5713 .T69 c. 1 | 012204 | 02/08/2024 | 17/12/2015 | General Collection |